000 00451nam a2200157Ia 4500
005 20250410094619.0
008 231217s9999 xx 000 0 und d
020 _a9789384843021
082 _a620.076MAT KAN;1 R
100 _aKanodia, R K. Murolia, Ashish.
245 0 _aGate engineering mathematics Vol. 2 (EC, EE & IN)
260 _c2017
_bNodia & Company
_aJaipur
300 _a642
650 _aGate,mathematics,Vol.,(EC,,IN)
942 _cAA
999 _c198351
_d198351